Mexican cities A-Z - Statistics

General Stats
  • This quiz has been taken 18 times
  • The average score is 12 of 26
Answer Stats
Letter Answer % Correct
Y YURECUARO, MICH.
100%
G GUADALAJARA, JAL.
89%
M MONTERREY, N.L.
83%
P PUEBLA, PUE
78%
A AGUASCALIENTES, AGS.
67%
T TIJUANA, B.C.
67%
J JUÁREZ, N.L.
61%
L LEÓN, GTO.
61%
D DURANGO, DGO.
56%
V VICTORIA DE DURANGO, DGO.
56%
E ECATEPEC, MEX.
50%
H HERMOSILLO, SON.
50%
Q QUERÉTARO, QRO.
50%
C CHIHUAHUA, CHIH.
44%
O OAXACA, OAX.
44%
Z ZACATECAS
44%
S SALTILLO, COAH.
28%
U URUAPAN, MICH.
28%
I IRAPUATO, GTO.
22%
R REYNOSA, TAMS.
22%
F FRESNILLO, ZAC.
17%
N NEZAHUALCÓYOTL, MEX.
17%
W WALAMO, SIN
11%
B BUENAVISTA, MEX.
6%
K KANASÍN, YUC.
6%
X XALAPA, VER
6%
No matching quizzes found
Score Distribution
Percent of People with Each Score
Percentile by Number Answered
Your Score History
You have not taken this quiz